La mujer chiquitita / (Record no. 17357)

MARC details
000 -LEADER
fixed length control field 00680cam a22002417a 4500
001 - CONTROL NUMBER
control field sjds603374
003 - CONTROL NUMBER IDENTIFIER
control field sjds
005 - DATE AND TIME OF LATEST TRANSACTION
control field 20170606101836.0
008 - FIXED-LENGTH DATA ELEMENTS--GENERAL INFORMATION
fixed length control field 910315s1990 maua 000 0 spa
010 ## - LIBRARY OF CONGRESS CONTROL NUMBER
LC control number 91129658
020 ## - INTERNATIONAL STANDARD BOOK NUMBER
International Standard Book Number 0395512360 (pbk.)
040 ## - CATALOGING SOURCE
Original cataloging agency DLC
Transcribing agency DLC
Modifying agency DLC
041 ## - LANGUAGE CODE
Language code of text/sound track or separate title spa
050 00 - LIBRARY OF CONGRESS CALL NUMBER
Classification number MLCM 94/01611 (P)
100 1# - MAIN ENTRY--PERSONAL NAME
Personal name Bennett, Jill.
240 10 - UNIFORM TITLE
Uniform title <a href="Teeny tiny.">Teeny tiny.</a>
Language of a work Spanish
245 12 - TITLE STATEMENT
Title La mujer chiquitita /
Statement of responsibility, etc. Jill Bennett y Tomie dePaola.
260 ## - PUBLICATION, DISTRIBUTION, ETC. (IMPRINT)
Place of publication, distribution, etc. Boston :
Name of publisher, distributor, etc. Houghton Mifflin Co.,
Date of publication, distribution, etc. c1990.
300 ## - PHYSICAL DESCRIPTION
Extent 32 p. :
Other physical details col. ill. ;
Dimensions 23 cm.
700 1# - ADDED ENTRY--PERSONAL NAME
Personal name DePaola, Tomie,
Dates associated with a name 1934-
942 ## - ADDED ENTRY ELEMENTS (KOHA)
Koha item type Libro/Book
Holdings
Withdrawn status Lost status Damaged status Not for loan Home library Current library Shelving location Date acquired Inventory number Total Checkouts Full call number Barcode Date last seen Date checked out Price effective from Koha item type
        San Juan Del Sur -- Biblioteca San Juan Del Sur -- Biblioteca Children's Area 06/06/2017 Inventory date: 15-5-25 3 ER Ben 30024390 22/08/2023 12/07/2023 06/06/2017 Libro/Book

Powered by Koha